Fascinácia na ceste i v teréne test Land Rover Discovery 4 3,0 TDV6 SE

Bibliographic Details
Main Author: Václavík, Ivan (Author)
Format: Article
Language:Slovak
PhysicalDescription:Fotogr., tab.
ISSN:1337-0138
Subjects:

MARC

LEADER 00000nab a2200000 ar4500
001 vtls010196235
003 SK-MaSNL
005 20260303092226.0
008 101209c2010 xo ||||||||||||00 b|slo
015 |a SNBRB2010/12  |2 snkbucl 
038 |a SNKBUCL 
040 |a SNKBUCL  |b slo  |c SNKBUCL  |e AACR2 
041 0 |a slo 
044 |a xo  |c SK 
080 |a 629.331.1  |2 2001 
100 1 |a Václavík, Ivan  |4 aut  |9 841238 
245 1 0 |a Fascinácia na ceste i v teréne  |b test Land Rover Discovery 4 3,0 TDV6 SE  |c Ivan Václavík 
300 |b Fotogr., tab. 
650 0 7 |a Land Rover Discovery 4 3,0 TDV6 SE (osobný automobil)  |2 snkbucl  |9 1101421 
650 0 7 |a osobné automobily  |2 snkbucl  |9 26643 
773 0 |t Doprava a logistika  |g Roč. 5., č. 10 (2010), s. 20-21  |x 1337-0138 
999 |c 1811321  |d 1813251